Erasmus and the northern renaisance / (Record no. 119351)

MARC details
000 -LEADER
campo de control de longitud fija 00611nam a2200205 4500
001 - NÚMERO DE CONTROL
campo de control 119351
003 - IDENTIFICADOR DE NÚMERO DE CONTROL
campo de control ES-MaACL
005 - FECHA Y HORA DE LA ÚLTIMA TRANSACCIÓN
campo de control 20230906191308.0
007 - CAMPO FIJO DE DESCRIPCIÓN FÍSICA--INFORMACIÓN GENERAL
campo de control de longitud fija t|
008 - DATOS DE LONGITUD FIJA--INFORMACIÓN GENERAL
campo de control de longitud fija 070214s1949 xxk r ||||1| eng d
100 1# - ENTRADA PRINCIPAL--NOMBRE DE PERSONA
Nombre de persona Phillips, Margaret Mann.
9 (RLIN) 91700
245 10 - MENCIÓN DEL TÍTULO
Título Erasmus and the northern renaisance /
Mención de responsabilidad, etc. by Margaret Mann Phillips.
250 ## - MENCION DE EDICION
Mención de edición 1ª. ed.
260 ## - PUBLICACIÓN, DISTRIBUCIÓN, ETC.
Lugar de publicación, distribución, etc. London :
Nombre del editor, distribuidor, etc. Hodder & Stoughton Limited,
Fecha de publicación, distribución, etc. 1949.
300 ## - DESCRIPCIÓN FÍSICA
Extensión XXV, 236 p. ;
Dimensiones 18 cm.
490 1# - MENCIÓN DE SERIE
Mención de serie Teach yourself history
830 0# - PUNTO DE ACCESO ADICIONAL DE SERIE-TÍTULO UNIFORME
Título uniforme Teach yourself history
9 (RLIN) 218590
852 ## - LOCALIZACIÓN
Ubicación ES-MaACL
Número de control de estantería B-12886
Sublocalización o colección R.29318
Holdings
Estatus retirado Estado de pérdida Estado de daño No para préstamo Biblioteca de origen Biblioteca actual Ubicación en estantería Fecha de adquisición Fuente de adquisición Total de préstamos Signatura topográfica completa Código de barras Visto por última vez Precio de reemplazo Tipo de ítem Koha
        Biblioteca del Ateneo de Madrid Biblioteca del Ateneo de Madrid Sala Pardo Bazán 17/01/2008     B-12886 1124414 23/02/2023 23/02/2023 Libro impreso